| 000 | 01172nam0a22002771 4500 | ||
|---|---|---|---|
| 001 | rc\680265 | ||
| 005 | 20250621210636.0 | ||
| 035 | _a(NLR Aleph) 005917644 | ||
| 090 |
_a6443094 _c6443094 |
||
| 100 | _a20031121d1985 |||y0rusy50 ca | ||
| 101 | 0 | _arus | |
| 102 | _aRU | ||
| 105 | _aa ||||||||| | ||
| 200 | 1 |
_aАквакультура в СССР и США _eМатериалы Сов.-амер. симпоз. по аквакультуре [дек. 1983 г., г. Таллин _fРедкол.: Л.А. Душкина (отв. ред.) и др.] |
|
| 210 |
_aМ. _cВНИРО _d1985 |
||
| 215 |
_a195 с. _cил. _d21 |
||
| 300 | _aВ надзаг.: М-во рыб. хоз-ва СССР, ВНИИ мор. рыб. хоз-ва и океанографии | ||
| 300 | _aЧасть текста: англ. | ||
| 320 | _aБиблиогр. в конце докл. | ||
| 702 | 1 |
_aДушкина _bЛ.А. _gЛадда Арсеньевна _4340 |
|
| 712 | 1 | 2 |
_aСоветско-американский симпоз. по аквакультуре _f1983 _eТаллин |
| 801 | 0 |
_aRU _bNLR _gpsbo |
|
| 801 | 1 |
_aRU _bELAR _2rusmarc |
|
| 852 |
_aNLR _j86-3/158 |
||
| 942 | _cBOOK | ||
| 980 | _aNB | ||